| 000 | 01000cam a2200265 i 4500 | ||
|---|---|---|---|
| 001 | 2721946 | ||
| 003 | NUST-PNEC | ||
| 005 | 20170116180743.0 | ||
| 008 | 771221s1979 nyu 001 0 eng | ||
| 010 | _a 77027967 | ||
| 020 | _z0910608202 | ||
| 040 | _cPNEC | ||
| 050 | 0 | 0 |
_aZ696 _b.D519 1979 |
| 082 | 0 | 0 |
_a025.431 DEW _219 |
| 100 | 1 |
_aDewey, Melvil, _d1851-1931. |
|
| 245 | 1 | 0 |
_aDewey decimal classification and relative index 2/ _cdevised by Melvil Dewey. |
| 250 |
_aEd. 19 / Vol - 2 _bedited under the direction of Benjamin A. Custer. |
||
| 260 |
_aAlbany : _bForest Press, _c1979. |
||
| 300 |
_ax, 997 p. ; _c25 cm. |
||
| 505 | 0 | _av. 1. Introduction. Tables.--v. 2. Schedules.--v. 3. Relative index. | |
| 650 | 0 | _aClassification, Dewey decimal. | |
| 856 | _uhttp://www.amazon.com/Dewey-Decimal-Classification-Relative-Index/dp/0910608202/ref=sr_1_1?s=books&ie=UTF8&qid=1420533567&sr=1-1&keywords=0910608202 | ||
| 906 |
_a7 _bcbc _corignew _d1 _eocip _f19 _gy-gencatlg |
||
| 942 |
_2ddc _cBK |
||
| 999 |
_c62260 _d62260 |
||